000
00365nam a2200169Ia 4500
003
IT-RoPAU
008
120407s9999 xx 000 0 und d
040
_a
IT-RoPAU
040
_c
IT-RoPAU
100
_a
Giovanni XXIII
245
_a
Discorsi al Concilio
260
_a
San Paolo Edizioni
300
_c
cm
490
_v
1
700
_a
Paolo VI
942
_c
BK
999
_c
10690
_d
10690